| 000 | 01107nam a2200277Ia 4500 | ||
|---|---|---|---|
| 003 | OSt | ||
| 005 | 20221005105531.0 | ||
| 006 | a|||||r|||| 00| 0 | ||
| 007 | ta | ||
| 008 | 221004b |||||||| |||| 00| 0 hin d | ||
| 020 |
_a9788126729425 (hbk) _cINR 350.00 |
||
| 024 | _a34798 | ||
| 037 |
_bBR3079, 15/09/2017, Rajkamal Prakashan Pvt. Ltd. _cTextual |
||
| 040 |
_aCRL _cCRL _bhin |
||
| 041 |
_2hin _ahin |
||
| 082 | _aO152,1:gJ, Q6 | ||
| 100 | _aपाण्डेय, मैनेजर, संपा. | ||
| 245 | 0 | _aमुग़ल बादशाहों की हिन्दी कविता | |
| 246 | _aMuग़l bādashāhoan kī hindī kavitā | ||
| 260 |
_aनई दिल्ली _bराजकमल प्रकाशन भारत _c2016 |
||
| 300 |
_a134पृ0 _ccm. |
||
| 650 | _a हिन्दी साहित्य | ||
| 650 | _aहिन्दी कविता | ||
| 942 |
_hO152,1:gJ, Q6 _cTEXL _2cc |
||
| 999 |
_c1016105 _d1016105 |
||